00581 2200217 4500001002100000005001500021035002000036245006600056100001800122250000600140300003500146700001200181260003900193082001200232084001800244020001800262650003200280990001700312990001700329990001700346INLIS00000000000021820180919011530 a0010-09180000721 aSelayang Pandang Maluku /cIr. Nugroho Y; Ilustrator, Junarko0 aIr. Nugroho Y a- aiv, 60 hlm. :bilus. ;c21 cm.0 aJunarko aKlaten :bPT Intan Pariwara,c2008 a911.598 a911.598 NUG s a979-28-0449-2 aGeografi Historis Indonesia a00933/P/2018 a00934/P/2018 a00935/P/2018